Top 5 European Football Teams - Statistics

General Stats
  • This quiz has been taken 87 times
  • The average score is 26 of 50
Answer Stats
Answer % Correct
FC Barcelona
96%
Real Madrid
96%
Bayern Munich
95%
Liverpool
95%
Manchester City
91%
Chelsea
89%
Arsenal
88%
AS Roma
86%
FC Porto
86%
Paris-Saint Germain
85%
Atletico Madrid
84%
Borussia Dortmund
84%
Juventus
81%
Olympique Lyonnais
81%
Benfica
78%
Sevilla
78%
Tottenham Hotspur
76%
Marseille
73%
AS Monaco
70%
Napoli
68%
Lazio
62%
Galatasaray
61%
CSKA Moscow
59%
RSC Anderlecht
55%
Sporting CP
54%
Dynamo Kyiv
47%
Besiktas
46%
Spartak Moscow
45%
Fenerbahce
43%
Zenit St. Petersburg
43%
Gent
41%
SC Braga
41%
Shakhtar Donetsk
36%
Villarreal
36%
OGC Nice
34%
Red Bull Leipzig
34%
Club Brugge
32%
1899 Hoffenheim
24%
Atalanta
24%
FC Koln
20%
Istanbul Basaksehir
12%
Vítoria de Guimaraes
11%
FC Krasnodar
8%
Antalyaspor
7%
Charleroi
7%
Oostende
4%
Zorya Luhansk
3%
FC Oleksandriya
1%
Terek Grozny
1%
Olimpik Donetsk
0%
No matching quizzes found
Score Distribution
Percent of People with Each Score
Percentile by Number Answered
Your Score History
You have not taken this quiz